00470 2200157 4500001002100000008004100021035002000062245003200082100001800114260002900132300002100161020002200182082001000204650008500214990001300299INLIS000000000000357 ind  a0010-0423000357 aTHE WILLIAM SOERYADJAYA WAY aAKBAR KAELOLA aJAKARTAbBUKU KITAc2013 a168 hlm.c20 cm. a978-602-288-011-0 a741.5 aCARTOONS, CARICATURES, COMICS ( CARTOON FICTION, GRAPHIC NOVEL(VISUAL NOVELS ) ) a102665-1